| Поле | Инд. | ПП | Название | Значение |
|---|---|---|---|---|
| Тип записи | a | |||
| Библиографический уровень | b | |||
| 001 | Контрольный номер | UNIDUBNAed7544515a4a418ea5d0d2da053dd971 | ||
| 005 | Дата корректировки | 20260528221324.9 | ||
| 100 | 1_ | a | Автор | Крушинский А. |
| q | Полное имя | Крушинский Андрей | ||
| 245 | 10 | a | Заглавие | Колючий "бархат" |
| 600 | 14 | a | Персоналии | Горбачев Михаил Сергеевич |
| a | Персоналии | Живков Тодор | ||
| a | Персоналии | Мао Цзэдун | ||
| 653 | 0_ | a | Ключевые слова | "бархатная революция" |
| a | Ключевые слова | "оранжевая революция" | ||
| a | Ключевые слова | XX век | ||
| a | Ключевые слова | Болгария | ||
| a | Ключевые слова | Германия | ||
| a | Ключевые слова | Китай | ||
| a | Ключевые слова | США | ||
| a | Ключевые слова | Чехословакия | ||
| 773 | 18 | t | Заглавие источника | Родина |
| d | Дата издания источника | 2005 | ||
| g | Прочая информация | № 2. - С. 11-16 : фот. | ||
| w | Контрольный № источника | RU/IS/BASE/163349940 | ||
| 901 | t | Тип документа | b |